Guess the Arctic Monkeys song with no hints #2 - Statistics

General Stats
  • This quiz has been taken 52 times
  • The average score is 64 of 182
Answer Stats
Answer % Correct
i
98%
you
96%
a
93%
the
87%
when
80%
do
74%
your
74%
be
63%
me
63%
to
63%
and
61%
in
57%
of
54%
my
52%
she
52%
so
50%
then
48%
it
46%
by
43%
have
37%
down
35%
im
35%
that
35%
as
33%
cause
28%
head
28%
its
28%
light
28%
up
28%
with
28%
would
28%
been
26%
oh
26%
should
26%
crying
24%
than
24%
make
22%
more
22%
off
22%
way
22%
yes
22%
dance
17%
dark
17%
sleep
17%
a-n-i-m-a-l
15%
d-a-n-g-e-r-o-u-s
15%
first
15%
willing
15%
chest
13%
confess
13%
fighting
13%
keep
13%
nearly
13%
pinned
13%
press
13%
sheets
13%
wont
13%
beam
11%
boot
11%
broke
11%
everyones
11%
fell
11%
hearts
11%
heel
11%
knees
11%
lets
11%
long
11%
makes
11%
mess
11%
most
11%
pirouette
11%
promote
11%
pursuit
11%
the most
11%
through
11%
two
11%
wheeze
11%
about
9%
acrobat
9%
audience
9%
bashful
9%
into
9%
lioness
9%
pet
9%
racing
9%
sharpen
9%
stripes
9%
type
9%
unsuitable
9%
battling
7%
chance
7%
fidgets
7%
final
7%
gripe
7%
teams
7%
tribal
7%
divided
4%
enough
4%
frighteners
4%
revert
4%
soon
4%
thoughts'll
4%
fiends
2%
restraining
2%
well-taught
2%
No matching quizzes found
Score Distribution
Percent of People with Each Score
Percentile by Number Answered
Your Score History
You have not taken this quiz